000 00941nam a22002177a 4500
999 _c8358
_d8358
003 AR-CdUCM
008 190325b ||||| |||| 00| 0 spa d
040 _aMUNICIPALIDAD PROVINCIAL DEL CUSCO
_cBIBLIOTECA MUNICIPAL DEL CUSCO
082 _a591 /
_bF442
100 _aFiasson, Raymond
_923468
245 _aEl hombre contra el animal /
260 _aEspaña :
_boikos-tau ,
_c1971.
300 _a125 páginas ;
_c17.6 cm.
440 _a¿Que sé?
_n50
_923469
505 _aContenido : La desaparicion de las especies animales -- Causas anturales de la desaparicieion de la fauna salvaje -- Responsabilidades del gomb re en la desaparicion de la fauna salvaje --El animal salvaje tiene derecho a la vida -- ¿Como preservar al animal salvaje? -- Conclusion...
650 _aExtincion de Fauna Animal
_923470
650 _aPreservacion de Especies
_923471
650 _aConservacion Zoologica
_923472
942 _2ddc
_cLIBROS
945 _artm